Città Italiane con più Furti - Statistics

Statistiche generali
  • Questo quiz è stato fatto 153 volte
  • Il punteggio medio è 12 su 20
Statistiche sulle risposte
Posizione Città N. denunce ogni 100.000 abitanti % Corretto
7 Napoli 57.599 1941,2
100%
1 Milano 95.269 2943,0
97%
3 Roma 102.639 2430,7
95%
5 Torino 44.019 1996,2
93%
6 Firenze 19.762 1986,7
88%
4 Bologna 20.736 2041,6
87%
9 Venezia 14.896 1773,4
86%
19 Bari 18.236 1489,0
82%
12 Catania 17.447 1632,3
69%
2 Rimini 9.106 2702,8
59%
10 Pisa 7.210 1728,0
57%
11 Foggia 9.838 1645,4
50%
13 Modena 11.459 1630,5
45%
8 Livorno 5.858 1793,0
42%
17 Prato 4.041 1528,4
38%
20 Ravenna 5.687 1473,3
26%
18 Lucca 5.781 1513,8
24%
15 Imperia 3.211 1539,6
23%
16 Pavia 8.184 1530,6
23%
14 Barletta-Andria-Trani 5.901 1556,0
1%
Nessun quiz corrispondente trovato
Distribuzione punteggi
Percentuale di utenti per punteggio
Percentile per numero di risposta
I tuoi punteggi nel tempo
Non hai fatto questo quiz